000 00583nam a2200181Ia 4500
008 100920s9999 xx 000 0 und d
082 _b102212
_a891.43 न 07
100 _aसोनी वेदप्रकाश.
245 _aसफलता की राहे.
260 _bहिमालय प्रकाशन,लखनऊ.
_c2007
300 _a128
_bसाधी
365 _b150
520 _aहिंदी.
630 _aसफलता की राहे.
650 _aहिंदी.
730 _aसफलता की राहे.
942 _cBOOK
999 _c742645
_d742642